000 00526nam a22001937a 4500
003 OSt
005 20221014041323.0
008 170502b xxu||||| |||| 00| 0 eng d
020 _a0131713620
040 _aMMU
_beng
_cMMU
_dMMU
050 _aRM125.N78 2006
100 _aShannon Margaret T.
245 _aDrug guide 2005-2006/
_cMargaret T. Shannon...[et al.].
260 _aNew Jersey:
_bUpper Saddle River,
_c2006.
300 _axvi,1871p.;
500 _aincludes index
650 _adrug guide
942 _2lcc
_cLOAN LOAN
999 _c27366
_d27365